000 00557nam a2200205Ia 4500
005 20250508165006.0
008 008 250505s9999 xx 000 0 eng d
020 _a978-0-415-48734-4
037 _aTextual
040 _aFEDL
_beng
_cFEDL
041 _aeng
_2eng
084 _a100, RUS
_qFEDL
100 _aRussell Bertrand
245 0 _aCommon sense and nuclear warfare
260 _aNew Delhi, India
_bRoutledge Classics
_c2010
300 _axxxi,75p.
365 _aINR
_b150
942 _cTEXL
_h100, RUS
999 _c1392529
_d1392529